000 00288nam a2200121Ia 4500
008 191201s2012 xx 000 0 und d
100 _aBAJAJ, Benu
245 0 _aApplied mathematics Vol-1
250 _a1st
260 _c2012
_bNORTH PUB.
_aNEW DELHI
300 _a264
942 _2ddc
_cBK
_011
999 _c8076
_d8076